Memphis Grizzlies All Stars: NBA - Statistics

General Stats
  • This quiz has been taken 18 times
  • The average score is 5 of 5
Answer Stats
Career Career With Grizzlies All Stars Player % Correct
2020- 2020- 2x Ja Morant
100%
2009-2021 2009-2019 3x Marc Gasol
100%
2019- 2019- 1x Jaren Jackson Jr.
92%
2002-2019 2002-2008 6x Pau Gasol
92%
2002-2018 2010-2017 2x Zach Randolph
67%
No matching quizzes found
Score Distribution
Percent of People with Each Score
Percentile by Number Answered
Your Score History
You have not taken this quiz